Szegeden esküt tettek Csongrád megye bírái
Elmentve itt :
| Szerző: | |
|---|---|
| Dokumentumtípus: | Cikk |
| Megjelent: |
1972-12-16
|
| Sorozat: | Délmagyarország
62 No. 296 |
| Kulcsszavak: | igazságügyi intézmények |
| Online Access: | http://dmarchiv.bibl.u-szeged.hu/114713 |
| LEADER | 00490nab a2200157 i 4500 | ||
|---|---|---|---|
| 001 | delm114713 | ||
| 005 | 20190318120237.0 | ||
| 008 | 190318s1972 hu o 0|| hun d | ||
| 040 | |a SZTE Délmagyarország Archívum |b hun | ||
| 041 | |a hun | ||
| 100 | 2 | |a Ács Sánta Sándor | |
| 245 | 1 | 0 | |a Szegeden esküt tettek Csongrád megye bírái |h [elektronikus dokumentum] / |c Ács Sánta Sándor |
| 260 | |c 1972-12-16 | ||
| 300 | |a 3 | ||
| 490 | 0 | |a Délmagyarország |v 62 No. 296 | |
| 695 | |a igazságügyi intézmények | ||